| 000 | 00715cam a22002053a 4500 | ||
|---|---|---|---|
| 001 | 35175 | ||
| 003 | PGUSA | ||
| 005 | 20140828083746.0 | ||
| 008 | 110205s2011||||xxu|||||s|||||000 | eng d | ||
| 040 |
_aPGUSA _beng |
||
| 042 | _adc | ||
| 100 | 1 |
_aSchoolcraft, Henry Rowe, _d1793-1864 |
|
| 245 | 1 | 0 |
_aAlgic Researches, Comprising Inquiries Respecting the Mental Characteristics of the North American Indians, Vol. 2 of 2 : _bIndian Tales and Legends _h[electronic resource] / _cHenry Rowe Schoolcraft |
| 260 |
_bProject Gutenberg, _c2011 |
||
| 506 | _aPublic domain in the USA. | ||
| 516 | _aElectronic text | ||
| 830 | 0 |
_aProject Gutenberg _v35175 |
|
| 856 | 4 | 0 | _uhttp://www.gutenberg.org/ebooks/35175 |
| 942 | _cEB | ||
| 999 |
_c264430 _d264430 |
||